| 000 | 00546cam a2200193 a 4500 | ||
|---|---|---|---|
| 999 |
_c58391 _d58391 |
||
| 001 | 4509376 | ||
| 005 | 20220114121633.0 | ||
| 008 | 981119s1998 nyu b 001 0deng | ||
| 020 | _a9780375706042 | ||
| 041 | _aeng | ||
| 080 | _a821.111.1 S-31 | ||
| 100 | 1 |
_aSchmidt, Michael _913381 |
|
| 245 | 1 | 0 |
_aLives of the poets / _cMichael Schmidt. |
| 264 |
_aNew York : _bVintage Books, _c1998. |
||
| 300 |
_a975 p. ; _c25 cm. |
||
| 653 | _aპოეტების ცხოვრება | ||
| 653 | _aЖизнь поэтов | ||
| 942 |
_2udc _cBK |
||